000 00232nam a22000857a 4500
008 160718b xxu||||| |||| 00| 0 eng d
100 _93029
_a Gupta, R.G
245 _aComposite Mathematics - Introductory
260 _aNew Delhi
_bArya
_c2006
999 _c2592
_d2592